Terytoria zależne Afryki - Statystyki

Ogólne statystyki
  • Ten quiz został rozwiązany 7 razy
  • Średni wynik to 4 z 6
Statystyki odpowiedzi
Odpowiedź % Poprawnych
Majotta
100%
Reunion
100%
Wyspa Świętej Heleny
71%
Tristan da Cunha
43%
Wyspa Wniebowstąpienia
43%
Francuskie Terytoria Południowe i Antarktyczne
29%
Nie znaleziono quizów pasujących do podanych kryteriów
Rozkład punktacji
Procent ludzi z każdym wynikiem
Percentyl według liczby udzielonych odpowiedzi
Twoja historia wyników
Nie rozwiązałeś tego quizu